Ung thư học lâm sàng; T2
Bewaard in:
| Hoofdauteur: | |
|---|---|
| Formaat: | Boek |
| Taal: | Undetermined |
| Gepubliceerd in: |
Tp. HCM
Trường Đại học Y Dược Tp. HCM
1986
|
| Onderwerpen: | |
| Tags: |
Voeg label toe
Geen labels, Wees de eerste die dit record labelt!
|
| Thư viện lưu trữ: | Trung tâm Học liệu Trường Đại học Cần Thơ |
|---|
| LEADER | 00573nam a2200181Ia 4500 | ||
|---|---|---|---|
| 001 | CTU_17252 | ||
| 008 | 210402s9999 xx 000 0 und d | ||
| 082 | |a 616.992 | ||
| 082 | |b H513/T2 | ||
| 100 | |a Nguyễn Chấn Hùng | ||
| 245 | 0 | |a Ung thư học lâm sàng; T2 | |
| 245 | 0 | |c Nguyễn Chấn Hùng, Nguyễn Sào Trung | |
| 260 | |a Tp. HCM | ||
| 260 | |b Trường Đại học Y Dược Tp. HCM | ||
| 260 | |c 1986 | ||
| 650 | |a cancer | ||
| 904 | |i Nguyễn Quang Điền, 960601 | ||
| 980 | |a Trung tâm Học liệu Trường Đại học Cần Thơ | ||